000 00676nam a2200229Ia 4500
003 OSt
005 20220923225614.0
006 a|||||r|||| 00| 0
007 ta
008 220922b |||||||| |||| 00| 0 rus d
024 _a272,339
037 _cTextual
040 _aARTS
_cARTS
_brus
041 _2rus
_arus
082 _aO142,3N05,1, 153K1
100 _aFੋਲੋ॥ੋਵ, ਮਿFੇਲ
_9168759
245 0 _aਨਵੀ੍ਵ ਧਰਤੀ ਨਵੇ੍ਵ ਸਿਆੜ
260 _c1965
650 _aਰਾFੀਅਨ ਸਾਹਿਤ
942 _hO142,3N05,1, 153K1
_cTEXL
_2CC
999 _c379404
_d379404